00354 a2200121 450000100060000002000180000608200170002410000210004124500840006226000280014630000130017460000450018767868 a9780849382390 a621.3848 MAS aMassonet,diadier aImaging With Synthetic Aperture RadarcDidier Massonnet and Jean Claude Souyris aSwissbEPFL Pressc2008 axv.280 p aDidier Massonnet and Jean Claude Souyris